000 00643cam a22002173a 4500
001 41023
003 PGUSA
005 20140828083925.0
008 121011s2012||||xxu|||||s|||||000 | eng d
040 _aPGUSA
_beng
042 _adc
100 1 _aHaw, George
245 1 0 _aFrom Workhouse to Westminster :
_bThe Life Story of Will Crooks, M.P.
_h[electronic resource] /
_cGeorge Haw
260 _bProject Gutenberg,
_c2012
506 _aPublic domain in the USA.
516 _aElectronic text
653 _aCrooks, William, 1852-1921
830 0 _aProject Gutenberg
_v41023
856 4 0 _uhttp://www.gutenberg.org/ebooks/41023
942 _cEB
999 _c270275
_d270275